Tilastot visalle Yleistieto #1

Klikkaa tästä pelataksesi tätä visaa!

Yleistilastot

  • Tätä visaa on pelattu 3 171 kertaa
  • Keskiarvotulos 6 / 15

Vastaustilastot

VinkkiVastaus% Oikein
Mikä on diabeteksen kansanomaisempi nimi?Sokeritauti
89%
Mikä eläin on latinaksi lynx lynx?Ilves
85%
Kuka oli Suomen ensimmäinen presidentti?K. J. Ståhlberg
82%
Kenen hitti on "Set Fire to the Rain"?Adelen
46%
Mikä meri sijaitsee Etelä-Koreasta itään?Japaninmeri
38%
Mikä valtio valitsi ensimmäisenä naispresidentin?Islanti
37%
Kuka maalasi "Guernican"?Pablo Picasso
35%
Kuka voitti Formula 1 -maailmanmestaruuden 2000?Michael Schumacher
35%
Kuka kirjoitti kirjan "Sota ja Rauha"?Leo Tolstoi
32%
Kuka suunnitteli Helsingin päärautatieaseman?Eliel Saarinen
24%
Mitkä ovat Bolivian pääkaupungit?La Paz
23%
Mikä oli natsien korkein kunniamerkki?Rautaristi
23%
Mikä on näyttelijänäkin tunnetun Jared Leton kuuluisin ja menestynein bändi?30 Seconds to Mars
21%
Mitkä ovat Bolivian pääkaupungit?Sucre
15%
Mikä elokuva voitti parhaan elokuvan Oscarin vuonna 2017?Moonlight
12%

Tulosjakauma

Persentiili vastausten määrän mukaan

Jokaisen tuloksen saaneiden osuus

Tuloshistoriasi

Et ole pelannut tätä visaa